Rozhodování v managementu : teorie, příklady, řešení /
Salvato in:
| Autore principale: | |
|---|---|
| Natura: | Libro |
| Lingua: | ceco |
| Pubblicazione: |
Praha
ČVUT
2015
|
| Edizione: | 1. vyd. |
| Soggetti: | |
| Tags: |
Nessun Tag, puoi essere il primo ad aggiungerne!!
|
MARC
| LEADER | 00000nam a22000003a 4500 | ||
|---|---|---|---|
| 001 | 0068535 | ||
| 003 | SK-STU | ||
| 005 | 20181113141108.3 | ||
| 007 | ta | ||
| 008 | 181113s ----xo-----e------000-0-----d | ||
| 020 | |a 978-80-01-05804-6 | ||
| 040 | |a STU |b slo | ||
| 041 | 0 | |a cze | |
| 044 | |a xr | ||
| 100 | 1 | |a Žáček, Vladimír |4 aut | |
| 245 | 1 | 0 | |a Rozhodování v managementu : |b teorie, příklady, řešení / |c aut. Vladimír Žáček |
| 250 | |a 1. vyd. | ||
| 260 | |a Praha |b ČVUT |c 2015 | ||
| 300 | |a 173 s. | ||
| 650 | 0 | 7 | |a manažment |
| 996 | |b 284M087982 |c M* S-1698-1 |l MMST |s A |a 24 |w 0068535_0001 | ||